000 00451nam a2200169Ia 4500
003 GCL
008 140319s9999 xx 000 0 ara d
040 _aGCL /
_cGCL
082 0 4 _a323.4
_bو د
100 1 _aوجدى ثابت غبريال
245 1 0 _aدستوية حقوق الانسان /
_cوجدى ثابت غبريال
300 _a128 ص
490 _a
650 0 4 _aحقوق الانسان
650 0 4 _aالدستور
942 _2ddc
_cBK
999 _c38079
_d38079